[Event "CHI-ch (Women)"]
[Site "Las Condes"]
[Date "2019.02.16"]
[Round "7"]
[White "Yanez Araya, Josefa"]
[Black "Urrutia Cordova, Camila Fernanda"]
[Result "0-1"]
[WhiteElo "1688"]
[BlackElo "1694"]
[PlyCount "106"]
[EventDate "2019.02.12"]
[EventType "swiss"]
[EventRounds "9"]
[EventCountry "CHI"]
[SourceTitle "CBM 188 Extra"]
[Source "ChessBase"]
[SourceDate "2019.02.26"]
[SourceVersion "1"]
[SourceVersionDate "2019.02.26"]
[SourceQuality "1"]

1. d4 Nf6 2. Nf3 g6 3. g3 Bg7 4. Bg2 d6 5. 0-0 0-0 6. b3 c5 7. Bb2 Nc6 8. c4 Nd7 9. Qd2 Qa5 10. Rd1 Rb8 11. Bc3 Qc7 12. d5 Nce5 13. Nxe5 Nxe5 14. f4 Ng4 15. Bxg7 Kxg7 16. Nc3 a6 17. a4 Qb6 18. Rab1 Qb4 19. h3 Nh6 20. e4 Bd7 21. Qe3 b5 22. axb5 axb5 23. Bf1 bxc4 24. bxc4 Qa5 25. Ra1 Qc7 26. Rdb1 Rxb1 27. Rxb1 Rb8 28. f5 Rxb1 29. Nxb1 Qa5 30. fxg6 hxg6 31. Nd2 Qa1 32. g4 Qe5 33. Qf2 Ng8 34. Bg2 Qc3 35. Bf1 Nf6 36. Bg2 Bc8 37. Qe1 Nd7 38. Kf2 Ne5 39. Qe3 Qc2 40. Bf1 Bxg4 41. Kg3 Bh5 42. Be2 Bxe2 43. Qxe2 Qc3+ 44. Kg2 g5 45. Nf3 Nxf3 46. Qxf3 Qxc4 47. Qg4 Qc2+ 48. Kf1 Qc1+ 49. Kf2 Qd2+ 50. Qe2 Qxe2+ 51. Kxe2 Kf6 52. Ke3 Ke5 53. Kd3 Kf4 0-1